Měřicí a regulační technika
Uložené v:
| Korporatívny autor: | |
|---|---|
| Médium: | Kniha |
| Jazyk: | Czech |
| Vydané: |
2005
|
| Fyzický popis: |
4 s. |
| Tagy: |
Pridať tag
Žiadne tagy, Buďte prvý kto otaguje tento záznam!
|
Titul je dostupný aj v ... 

MARC
| LEADER | 00000nam a2200000 a 4500 | ||
|---|---|---|---|
| 001 | 000328811 | ||
| 005 | 20051024102948.0 | ||
| 008 | 051024s2005 e czeo | ||
| 040 | |a KE001 |b slo | ||
| 080 | |a 62-69 |2 undef | ||
| 110 | 2 | |a JESY, spol. s r. o. (Na Cvičírně 188, 267 27 Liteň, ČR) |4 aut | |
| 245 | 1 | 0 | |a Měřicí a regulační technika |
| 260 | |c 2005 | ||
| 300 | |a 4 s. | ||
| 850 | |a KE001 | ||
| 998 | |a FL | ||
| 992 | |a FFP | ||
| 090 | |g SCKHL |k SK42 |a 62-69 |j 211283 |i I2576 |4 zastaraná |s Vyradená | ||